| 000 | 00726nam a2200193Ia 4500 | ||
|---|---|---|---|
| 001 | 11012 | ||
| 003 | GE_BSU | ||
| 008 | 181216s||||||||xx |||||||||||||| ||und|| | ||
| 040 | _cGE_BSU | ||
| 245 | _aქართველი მწერლები პოლონეთს | ||
| 245 | _cრედ. ე მაღრაძე; მხატვ. ო. ჯიშკარიანი | ||
| 260 | _aთბილისი | ||
| 260 | _bსაბჭოთა საქართველო. | ||
| 260 | _c1959 | ||
| 300 | _a84გვ. 20სმ. | ||
| 300 | _bთავფურცელი პოლონურ ენაზე | ||
| 653 | _aქართველი მწერლები პოლონეთს | ||
| 942 | _cBK | ||
| 999 |
_c44254 _d44254 |
||